00753cam a2200241 a 4500001001300000003000400013005001700017008004100034010001700075035002700092040002700119050001600146066000700162100002600169245005200195260006500247300002900312650002000341880002600361880005000387880005700437999001700494c 61002114 DLC20260227111033.0031106m19579999cc 000 0 chi  ac 61002114  a(CStRLIN)DCLP03-B16734 aDLCcDLC-RdDLC-RdDLC00aTX541b.C45 c$11 6880-01aChen, Cunren.106880-02aJin jin you wei tan /czhu Chen Cunren. 6880-03aXianggang :bWen feng yin shua gong si yin,c[1957?- a ;c19 cm. 0aFoodxAnalysis.1 6100-01/$1a陳存仁.106245-02/$1a津津有味譚 /c著陳存仁. 6260-03/$1a香港 :b文風印刷公司印,c[1957?- c12745d12745